| 000 | 00750pam a2200241 i 4500 | ||
|---|---|---|---|
| 999 |
_c26539 _d26539 |
||
| 001 | 2738218 | ||
| 005 | 20170204151139.0 | ||
| 008 | 781218s1979 nyua 001 0 eng | ||
| 010 | _a 78027787 | ||
| 020 | _a0070603812 | ||
| 050 | 0 | 0 | _aNA2335 .S68 1979 |
| 100 | 1 | _aSpreiregen, Paul D. | |
| 245 | 1 | 0 |
_aDesign competitions / _cPaul D. Spreiregen. |
| 260 |
_aNew York : _bMcGraw-Hill, _cc1979. |
||
| 300 |
_aix, 310 p. : _bill. ; _c28 cm. |
||
| 500 | _aIncludes index. | ||
| 650 | 0 |
_aArchitecture _xCompetitions. |
|
| 942 |
_2lcc _cBOOKS |
||